000 009570000a22002770004500
001 20768
003 CO-MdFUSB
005 20180622165151.0
008 160830b xxu||||| |||| 00| 0 eng d
020 _a978-0-8028-3395-2
040 _aCO-MdFUSB
_bEspañol
_cCO-MdFUSB
_dCO-MdFUSB
041 _aeng
082 _224
_aG 233
_bG577g
100 1 _aSoulen, R. Kendall., (Editor)
245 1 0 _aGod and human dignity /
_cEdited by R. Kendall Soulen,
264 _aGrand Rapids, Michigan :
_bWilliam B. Eerdmans Publishing,
_c2006
300 _axiv, 341 páginas
336 _2rdacontent
_atexto
_btxt
337 _2rdamedia
_asin mediación
_bn
338 _2rdacarrier
_avolumen
_bnc
500 _aRústico
501 _aLa fuente y el alcance de la dignidad humana -- Creación -- Redención -- Santificación -- La multidimensionalidad de la dignidad humana
653 _aAntropología cristiana
720 _aLinda Woodhead
_eEditora
942 _cBK
999 _c47119
_d47119